Социально-профессиональная компетентность личности в контексте современного информационно-коммуникативного пространства; Известия Томского политехнического университета [Известия ТПУ]; Т. 319, № 6 : Экономика. Философия, социология и культурология
| Parent link: | Известия Томского политехнического университета [Известия ТПУ]/ Томский политехнический университет (ТПУ).— , 2000- Т. 319, № 6 : Экономика. Философия, социология и культурология.— 2011.— [С. 163-166] |
|---|---|
| Autor principal: | |
| Outros Autores: | |
| Resumo: | Заглавие с титульного листа Электронная версия печатной публикации Рассматривается сущность компетенции и компетентности, социально-философские и практические подходы к изучению природы данных феноменов. Анализируются современные информационно-коммуникативные условия, влияющие на изменение компетентностей и компетенций, которые способствуют самоопределению и социально-профессиональной адаптации личности. Показано, что поле компетентностей очень широко, а в контексте информационного общества особое значение имеют социальная и профессиональные компетентности. |
| Idioma: | russo |
| Publicado em: |
2011
|
| Colecção: | Философия, социология и культурология |
| Assuntos: | |
| Acesso em linha: | http://www.lib.tpu.ru/fulltext/v/Bulletin_TPU/2011/v319/i6/34.pdf |
| Formato: | MixedMaterials Recurso Electrónico Capítulo de Livro |
| KOHA link: | https://koha.lib.tpu.ru/cgi-bin/koha/opac-detail.pl?biblionumber=206636 |
MARC
| LEADER | 00000nla2a2200000 4500 | ||
|---|---|---|---|
| 001 | 206636 | ||
| 005 | 20240221101330.0 | ||
| 035 | |a (RuTPU)RU\TPU\book\225268 | ||
| 035 | |a RU\TPU\book\225267 | ||
| 090 | |a 206636 | ||
| 100 | |a 20120113d2011 k y0rusy50 ca | ||
| 101 | 0 | |a rus | |
| 102 | |a RU | ||
| 135 | |a drnn ---uucaa | ||
| 181 | 0 | |a i | |
| 182 | 0 | |a b | |
| 200 | 1 | |a Социально-профессиональная компетентность личности в контексте современного информационно-коммуникативного пространства |f Т. В. Конюхова, Е. В. Арляпова | |
| 203 | |a Текст |c электронный | ||
| 215 | |a 1 файл (78 Кб) | ||
| 225 | 1 | |a Философия, социология и культурология | |
| 300 | |a Заглавие с титульного листа | ||
| 300 | |a Электронная версия печатной публикации | ||
| 320 | |a [Библиогр.: с. 166 (17 назв.)] | ||
| 330 | |a Рассматривается сущность компетенции и компетентности, социально-философские и практические подходы к изучению природы данных феноменов. Анализируются современные информационно-коммуникативные условия, влияющие на изменение компетентностей и компетенций, которые способствуют самоопределению и социально-профессиональной адаптации личности. Показано, что поле компетентностей очень широко, а в контексте информационного общества особое значение имеют социальная и профессиональные компетентности. | ||
| 337 | |a Adobe Reader | ||
| 461 | 1 | |0 (RuTPU)RU\TPU\book\176237 |t Известия Томского политехнического университета [Известия ТПУ] |f Томский политехнический университет (ТПУ) |d 2000- | |
| 463 | 1 | |0 (RuTPU)RU\TPU\book\225101 |x 1684-8519 |t Т. 319, № 6 : Экономика. Философия, социология и культурология |v [С. 163-166] |d 2011 |p 203 с. | |
| 610 | 1 | |a компетентность | |
| 610 | 1 | |a компетенции | |
| 610 | 1 | |a информационно-коммуникативное пространство | |
| 610 | 1 | |a виды компетентности | |
| 610 | 1 | |a личность | |
| 610 | 1 | |a социальное взаимодействие | |
| 610 | 1 | |a ценностно-смысловая ориентация | |
| 610 | 1 | |a труды учёных ТПУ | |
| 610 | 1 | |a электронный ресурс | |
| 700 | 1 | |a Конюхова |b Т. В. |c философ |c доцент Томского политехнического университета, кандидат философских наук |f 1980- |g Татьяна Васильевна |3 (RuTPU)RU\TPU\pers\25558 |9 11488 | |
| 701 | 1 | |a Арляпова |b Е. В. |c специалист в области социальных коммуникаций |c доцент Томского политехнического университета, кандидат философских наук |f 1971- |g Елена Викторовна |3 (RuTPU)RU\TPU\pers\24727 |4 070 | |
| 801 | 1 | |a RU |b 63413507 |c 20090623 |g PSBO | |
| 801 | 2 | |a RU |b 63413507 |c 20211229 |g PSBO | |
| 856 | 4 | |u http://www.lib.tpu.ru/fulltext/v/Bulletin_TPU/2011/v319/i6/34.pdf | |
| 942 | |c CF | ||